Statistics for Milan 2002/03 squad

Click here to take the quiz!

General Stats

  • This quiz has been taken 16 times
  • The average score is 14 of 26

Answer Stats

Shirt no.Player% Correct
3Paolo Maldini
100%
8Gennaro Gattuso
93%
21Andrea Pirlo
87%
7Andriy Shevchenko
87%
20Clarence Seedorf
87%
12Dida
87%
Carlo Ancelotti
80%
9Filippo Inzaghi
80%
13Alessandro Nesta
73%
10Rui Costa
67%
4Kakha Kaladze
60%
19Alessandro Costacurta
53%
18Christian Abbiati
53%
23Massimo Ambrosini
53%
27Serginho
53%
11Rivaldo
40%
15Jon Dahl Tomasson
33%
5Fernando Redondo
27%
2Thomas Helveg
27%
1Valerio Fiori
27%
24Martin Laursen
20%
25Roque Jr.
20%
28Samuele Dalla Bona
20%
14Dario Šimić
13%
17Claiton
7%
16José Chamot
7%

Score Distribution

Percentile by Number Answered

Percent of People with Each Score

Your Score History

You have not taken this quiz